The Soviet air and rocket forces.

Bibliographic Details
Main Author: Lee, Asher
Format: Book
Language:English
Published: New York : Praeger, [1959]
Series:Books that matter
Subjects:

MARC

Tag First Indicator Second Indicator Subfields
LEADER 00000cam a2200000 4500
001 in00000054899
005 20151008052127.0
008 750331s1959 nyu 00000 eng u
010 |a  59007394  
035 |a (OCoLC)01245551 
035 |9 AAH1813AM 
040 |c ORL  |d TXA  |d UtOrBLW 
049 |a TXAM  |c [308723] 
050 0 |a UG635.R9  |b L42 
082 0 |a 358.40947 
092 |a 358.40947  |b L477s 
100 1 |a Lee, Asher. 
245 1 4 |a The Soviet air and rocket forces. 
264 1 |a New York :  |b Praeger,  |c [1959] 
300 |a  311 pages :  |b illustrations ;  |c 23 cm. 
336 |a text  |b txt  |2 rdacontent 
337 |a unmediated  |b n  |2 rdamedia 
338 |a volume  |b nc  |2 rdacarrier 
490 0 |a Books that matter 
650 0 |a Aeronautics, Military  |z Soviet Union. 
650 0 |a Air power  |z Soviet Union. 
999 |a MARS 
999 f f |s 84b61c52-fc9c-3078-97ec-e57de9240f11  |i e82ce26f-27fe-304e-84a9-cda50bb5afea  |t 0